000 00490nam a2200157Ia 4500
003 GCL
008 140319s9999 xx 000 0 ara d
040 _aGCL /
_cGCL
082 0 4 _aد
_b050
100 1 _aسامى الكيالى
245 1 0 _aالنفس الانسانية فى ادب الجاحظ ( اقرا 226 ) /
_cسامى الكيالى
300 _a111
490 _aاقرأ
_v0
650 0 4 _aالجاحظ ،ابى عثمان عمرو بن بحر بن محبوب
942 _2ddc
_cBK
999 _c49585
_d49585